Music Quiz

Random Music or Clickable Quiz

Missing Music Word Marathon Quiz Stats

 Plays Quiz Updated Feb 4, 2019

Support Sporcle.
Go Orange.
Score 0/220 Timer 20:00
19 Plays Today
% Correct
Door
96.1%
Frutti
93.9%
Like
93.9%
Fly
93.4%
Around
91.8%
Happy
91.7%
Grapevine
91.4%
Rock
90.1%
Rolling
89.3%
Yellow
88.4%
Blue
88%
Go
87.9%
Hold
87.6%
Girl
87.4%
Love
86.1%
Shout
85.9%
Water
85.9%
Days
85.8%
Alabama
85.8%
Mrs.
85.8%
Diamonds
85.3%
Pink
85%
Gone
84.8%
Fields
84.2%
Purple
83.6%
Care
83.5%
Balls
83.5%
Believin'
83.1%
Gold
83%
Teen
82.8%
All
82.7%
Goode
82.6%
Panky
82.2%
Party
82.1%
69
81.9%
Egyptian
81.6%
Jack
81.5%
With
81.3%
Alive
81.2%
66
80.4%
Golly
79.6%
Chance
79.5%
Slim
79.3%
Christmas
79.3%
When
79.1%
Satisfaction
78.8%
Single
78.8%
Brown
78.4%
Softly
78.4%
Yak
77.9%
Melody
77.9%
Hawaii
77.8%
Preach
77.7%
Rattle
77.4%
It
77.3%
Up
77.2%
Argentina
76.9%
Eleanor
76.7%
Back
76.7%
Dogs
76.6%
Black
76.6%
Lips
76.2%
Heart
76.1%
Sweet
75.9%
Eyes
74.9%
Rule
74.2%
99
74%
Never
73.4%
Sittin'
73.2%
Las Vegas
73.1%
20
72.7%
Mary
72.2%
Day
72.2%
Bette
71.6%
% Correct
Mr.
71.4%
Vida
71.3%
Now
71%
Flash
70.2%
Disco
70%
Dude
69.9%
Once
69.6%
Wolf
69.4%
Jagger
69%
Best
68.7%
Magical
68.6%
Boulevard
68.6%
Red
68.5%
Woman
68.4%
Guitar
68.1%
867
67.9%
San Francisco
67.8%
Georgia
67.3%
Take
66.9%
16
66.7%
Doggie
66.6%
Baghdad
66.5%
Knife
65.9%
Got
65.8%
Whiter
65.6%
Dance
65.6%
Hell
65.4%
Lady
65.1%
Natural
64.9%
Hurricane
64.5%
Help
64.4%
Reaper
64.1%
My
64%
Clearly
63.9%
Feel
63.8%
Baba
63.5%
Sue
63.3%
Name
63.2%
Numb
62.9%
Here
62.7%
Susie
62.5%
Diane
61%
Wine
60.9%
Peggy
60.8%
Boy
60.7%
Work
60.5%
Roll
59.2%
50
59.1%
Wave
58.3%
Arms
58.3%
San Jose
58.2%
Welcome
57.5%
Cry
57.2%
Garden
56.2%
Time
55.9%
Preacher
55.4%
House
55%
Hill
54.7%
Beat
54.5%
Loved
54.4%
Club
54.4%
Tracks
53.9%
Gong
53.1%
California
53%
9
52.8%
Lifting
52.8%
Bomb
52.7%
Noize
52.5%
Shakin'
52.4%
Clarksville
51.2%
Orange
51.1%
Two
50.8%
Give
50.8%
Silver
50.5%
% Correct
Pow
49.9%
Knock
49.8%
New
49.5%
Idaho
49.3%
Lizzy
49.3%
Three
49%
Freak
48.9%
Werewolves
48.1%
Science
47.9%
Deeds
47.6%
Head
47.4%
Little
47.4%
Mind
47.1%
55
46.8%
Sally
46.7%
Five
46%
Tulips
45.9%
Sky
45.6%
Snoopy
44.9%
Starting
44.2%
Funky
43.3%
Billy
43%
Seven
42.6%
Hand
42.3%
Lula
42%
Over
41.9%
L.A.
41.5%
Into
40.8%
Face
40.6%
Who
40.6%
Be
40.6%
Bop
40.4%
Flashdance
39.6%
Chicago
39.5%
Disaster
38.9%
Master
38.8%
Something
38.6%
Pork
37.7%
6
37.6%
Runnin'
37.3%
Blues
37%
Tears
33.8%
Clawdy
33.3%
Laura
33.3%
61
32.9%
4th
32.3%
Pop
31.2%
You
30.7%
Chuck
30.5%
One
30.4%
Gonna
29.9%
Sheena
29.9%
Glue
29.7%
On
28.7%
Pride
28.5%
96
28.4%
Green
27.7%
Axel
27.1%
Legs
26.7%
Jimmy
26.6%
White
25.2%
Spam
23.9%
Nation
22.7%
Naughty
22.3%
Eight
21.6%
John
21.5%
Detroit
21%
Candy
19.9%
Dress
19.6%
Tenth
19.5%
Marie
15.3%
Elephant
10%

From the Vault

One, Two...Not Three XXVII

by Tasi

After twenty seven of these, '3' is feeling seriously left out.
Remove Ads.
Support Sporcle.
Get the best of Sporcle when you Go Orange. This ad-free experience offers more features, more stats, and more fun while also helping to support Sporcle. Thank you for becoming a member.

Show Comments

Extras

Top Quizzes Today


Score Distribution

Your Account Isn't Verified!

In order to create a playlist on Sporcle, you need to verify the email address you used during registration. Go to your Sporcle Settings to finish the process.

Report this User

Report this user for behavior that violates our Community Guidelines.

Details: